Statistics for Suicide Squad Characters

Click here to take the quiz!

General Stats

  • This quiz has been taken 706 times
  • The average score is 8 of 11

Answer Stats

HintAnswer% Correct
Margot RobbieHarley Quinn
98%
Jared LetoJoker
95%
Will SmithDeadshot
92%
Ben AffleckBatman
82%
Cara DelevingneEnchantress
75%
Adewale Akinnouybe-AgbajeKiller Croc
74%
Jai CourtneyCaptain Boomerang
71%
Karen FukuharaKatana
66%
Jay HernandezEl Diablo
60%
Viola DavisAmanda Waller
56%
Joel KinnamanRick Flag
56%

Score Distribution

Percentile by Number Answered

Percent of People with Each Score

Your Score History

You have not taken this quiz